[Event "Mundial FiDE"]
[Site "?"]
[Date "2007.09.23"]
[Round "?"]
[White "GM_Grischuk"]
[Black "GM_Gelfand"]
[Result "1-0"]
[WhiteElo "2726"]
[BlackElo "2733"]
[Annotator "de Dovitiis"]
[PlyCount "121"]
[EventDate "2007.??.??"]

1. d4 Nf6 2. c4 e6 3. Nc3 Bb4 4. Nf3 c5 5. g3 {
Al estilo Kasparov de fines de los 80.} 5... cxd4 6. Nxd4 O-O 7. Bg2 d5 8. cxd5
({RR} 8. O-O dxc4 9. Qa4 Qe7 10. Nc2 Bc5 11. Qxc4 Nbd7 12. Be3 Rb8 13. Rad1 b6
14. Bf4 e5 15. Bg5 h6 16. Nd5 Qe6 17. Bc1 Nxd5 18. Bxd5 Qe7 19. b4 b5 20. Qc3
Bd6 21. Be3 Nb6 22. Bxb6 Rxb6 {
Kortschnoj,V-Hjartarson,J/Saint John 1988/Candidates/1/2-1/2 (63)}) 8... Nxd5
9. Qb3 Qa5 $146 ({RR} 9... Nc6 10. Nxc6 bxc6 11. O-O Rb8 ({RR} 11... a5 12. Rd1
Qe7 13. Bd2 Ba6 14. Bf3 Rfd8 15. a3 Bxc3 16. Bxc3 a4 17. Qc2 Bb5 18. Bd4 e5 19.
Bc5 Qe6 20. Rd2 Rd7 21. Rad1 Rad8 22. Be4 {
1/2-1/2 Segal,A-Miralles,G/Dubai 1986/TD (22)}) 12. e4 Nxc3 13. bxc3 Bd6 14.
Qa4 Qc7 15. Be3 c5 16. Rfd1 Bd7 17. Qc2 e5 18. Bf1 Be6 19. Qa4 Rb6 20. Rd2 Rfb8
21. Rad1 Bf8 22. f3 h5 23. Bc4 Qc8 24. Bg5 Bxc4 25. Qxc4 Qa6 26. Qxa6 Rxa6 27.
c4 Ra4 28. Rc2 Rbb4 29. Rdc1 Ra3 30. Rf1 Rba4 31. Rff2 Rd3 32. Bc1 f6 33. Rfd2
Rxf3 34. Rd5 g5 35. Rd7 Ra6 36. Kg2 g4 37. Rb2 Rc3 38. Bd2 Rxc4 39. Rb8 Rxa2
40. Rdd8 Kh7 41. Rd7+ Bg7 42. Rbb7 Rd4 43. Rxg7+ Kh8 44. Kf1 Rdxd2 45. Ke1 Rab2
46. Rh7+ Kg8 47. Rbg7+ Kf8 48. Rf7+ Ke8 49. Rxa7 {
1/2-1/2 Zvjaginsev,V-Romanov,O/Alma-Ata 1991/TD (49)}) 10. Bd2 Nc6 11. Nxc6
bxc6 12. O-O Bxc3 13. bxc3 Ba6 14. Rfd1 Qc5 15. e4 Bc4 16. Qa4 Nb6 17. Qb4 Qh5
18. Bf4 Be2 19. Re1 c5 20. Qb3 e5 21. Bc1 Rac8 22. a4 $1 $14 Bc4 23. Qb2 Qg6
24. a5 Nd7 25. Rd1 Qc6 26. Bh3 Be6 27. Bxe6 Qxe6 28. Be3 Rc7 29. Qa2 $1 {
El final favorece al blanco.} 29... Qxa2 30. Rxa2 Nf6 31. f3 Rfc8 32. Rb2 Kf8
33. Kf2 Ke7 34. Bg5 {Hubiera preferido mantener un tiempo ese alfil, claro que
el caballo controla d5.} 34... h6 35. Bxf6+ Kxf6 36. Rd6+ Ke7 37. Rd5 f6 38.
Ke3 g5 39. c4 Rc6 40. Rb5 Ke6 41. f4 {
El dominio blanco es total en ambos flancos.} 41... R6c7 42. Kf3 h5 43. Ke3
gxf4+ 44. gxf4 h4 45. f5+ Kf7 46. Kf3 Kg7 47. Rb1 Kh6 48. Rd6 Rc6 49. Re6 Rxe6
50. fxe6 Re8 51. Rb7 Rxe6 52. Rxa7 Rd6 53. a6 h3 54. Kg4 Rd3 55. Ra8 Kg7 56.
Kf5 Rd6 57. Ra7+ Kh6 58. Rf7 Rd2 59. a7 Rf2+ 60. Ke6 Ra2 61. Kxf6 {
Buena victoria tecnica del blanco ante el escolta de Anand.} 1-0

[Event "Mundial Fide"]
[Site "?"]
[Date "2007.09.29"]
[Round "?"]
[White "Anand"]
[Black "Leko"]
[Result "1/2-1/2"]
[WhiteElo "2792"]
[BlackElo "2751"]
[Annotator "de Dovitiis"]
[PlyCount "39"]
[EventDate "2007.??.??"]

1. e4 e5 2. Nf3 Nc6 3. Bb5 a6 4. Ba4 Nf6 5. O-O Be7 6. Re1 b5 7. Bb3 O-O 8. c3
d5 {La vedette del torneo, el gambito Marshall.} 9. exd5 Nxd5 10. Nxe5 Nxe5 11.
Rxe5 c6 12. Re1 Bd6 13. d3 (13. d4 {es la linea principal.}) 13... Bf5 14. Nd2
{Una linea calma, idonea para el resultado que necesitaba Anand.} 14... Nf4 15.
Ne4 (15. Qf3 Qd7 16. Ne4 Bg4 17. Qe3 Nxd3 18. Nxd6 Qxd6 19. Qe7 Rad8 20. Qxd6
Rxd6) 15... Nxd3 16. Bg5 ({RR} 16. Qf3 Bg6 17. Re2 Bc7 18. Bg5 Bxe4 19. Rxe4
Qxg5 20. Qxd3 Rad8 21. Qf3 c5 22. h4 Qh6 23. Rd1 c4 24. Bc2 Rd2 25. Rxd2 Qxd2
26. Qe2 Qxe2 {1/2-1/2 Polgar,J-Adams,M/Enghien les Bains 2003/CBM 096 (26)})
16... Qd7 17. Nxd6 Qxd6 18. Bc2 $146 ({RR} 18. Qd2 Qg6 19. Re3 Qxg5 {
1/2-1/2 Gormally,D-Hebden,M/Halifax 2005/EXT 2006 (19)}) ({RR} 18. Re2) ({RR} 
18. Re3 Rfe8 19. Bc2 Qg6 {
1/2-1/2 Gormally,D-Gustafsson,J/Gothenburg 2005/CBM 109 (19)}) 18... Qg6 19.
Bxd3 Bxd3 20. Be3 {Resultado tranquilo pero que no empana una enorma campana
de Anand a lo largo de las catorce rondas.} 1/2-1/2

[Event "Mundial Fide"]
[Site "?"]
[Date "2007.09.29"]
[Round "?"]
[White "Svidler"]
[Black "Grischuk"]
[Result "1-0"]
[WhiteElo "2735"]
[BlackElo "2726"]
[Annotator "de Dovitiis"]
[PlyCount "83"]
[EventDate "2007.??.??"]

1. e4 c5 2. Nf3 d6 3. d4 cxd4 4. Nxd4 Nf6 5. Nc3 a6 6. Be3 Ng4 7. Bg5 h6 8. Bh4
g5 9. Bg3 Bg7 10. h3 ({RR} 10. Be2 h5 ({RR} 10... Ne5 11. Qd2 Nbc6 12. Nf3 Be6
13. Nd5 Nxf3+ 14. Bxf3 Bxb2 15. Rb1 Bg7 16. Rxb7 Bxd5 17. exd5 Nd4 18. O-O Rc8
19. Bd1 h5 20. Re1 Bf6 21. f4 g4 22. Bf2 Rc4 23. Qd3 Qc8 24. Rbxe7+ Bxe7 25.
Bxd4 {
Van der Poel,H-Grooten,H/Netherlands 1981/EXT 2004/[Van der Poel,H]/0-1 (40)})
11. h4 Nc6 12. Nb3 gxh4 13. Bxh4 Nce5 14. Qd2 Ng6 15. Bg5 Be5 16. Nd5 Bxb2 17.
Rb1 Bg7 18. Qa5 Rb8 19. Qxd8+ Kxd8 20. Na5 Bd4 21. f3 f6 22. Bd2 N4e5 23. f4
Nd7 24. Rxh5 e6 {Romanishin,O-Mukhin,M/Cheliabinsk 1974/EXT 2001/1-0 (51)})
10... Ne5 11. Nf5 {
Repitiendo el camino sinuoso del juego Svidler - Topalov, San Luis 2005.} 11...
Bxf5 12. exf5 Nbc6 13. Nd5 e6 14. fxe6 fxe6 15. Ne3 Qa5+ 16. c3 Nf3+ $5 {
La movida arriesgada de Topalov.} 17. Qxf3 (17. gxf3 Bxc3+ 18. bxc3 Qxc3+ 19.
Ke2 Nd4+) 17... Bxc3+ 18. Kd1 Qa4+ 19. Nc2 Bxb2 20. Rc1 $1 {
La novedad con respecto al} (20. Qb3 Qxb3 21. axb3 Bxa1 22. Nxa1 $15 {
de Svidler - Topalov, San Luis 2005. El conductor de las blancas prefiere
conservar las damas en este caso.}) 20... Bxc1 21. Qf6 $1 {
Desarticula la coordinacion de las piezas negras.} 21... Kd7 22. Kxc1 Qxa2 23.
Bd3 {Desarrolla piezas y defiende c2.} 23... Rac8 24. Rd1 d5 25. Bf5 $1 Rhe8 (
25... exf5 26. Qd6+ Ke8 27. Re1+ Kf7 28. Qd7+ Kg8 (28... Kf6 29. Re6#) 29.
Qxc8+) 26. Qf7+ Kd8 27. Re1 $3 {El golpe demoledor.} 27... Qa3+ (27... Qa1+ 28.
Kd2 Qa5+ 29. Kd1) 28. Nxa3 (28. Kd1 Qf8) 28... Ne5+ 29. Kd2 Nxf7 30. Bxe6 Rc6 {
Con muchoo apremio el negro busca chances en un final sin esperanzas.} (30...
Rxe6 31. Rxe6 Rc6) 31. Bxf7 Rxe1 32. Kxe1 b5 (32... Rc3 33. Bd6 Kd7 34. Bf8)
33. Kd2 b4 34. Nc2 b3 35. Nd4 Rb6 36. Kc1 a5 37. Bxd5 $18 a4 38. Be5 b2+ 39.
Kb1 a3 40. Ba2 Rb7 41. Bd6 Rd7 42. Nb5 {
Buena mejora teorica de las blancas en una linea endiablada de la Najdorf.} 1-0

[Event "WCh"]
[Site "Mexico City MEX"]
[Date "2007.09.14"]
[Round "2"]
[White "Aronian, L."]
[Black "Anand, V."]
[Result "0-1"]
[WhiteElo "2750"]
[BlackElo "2792"]
[Annotator "de Dovitis"]
[PlyCount "82"]
[EventDate "2007.09.13"]

1. d4 Nf6 2. c4 e6 3. Nf3 d5 4. Nc3 c6 5. Bg5 h6 6. Bh4 dxc4 7. e4 g5 8. Bg3 b5
9. Ne5 ({RR} 9. e5 Nd5 10. Be2 Qa5 11. Rc1 Bb7 12. O-O Nxc3 13. bxc3 Ba3 14. h4
Bxc1 15. Qxc1 Qxa2 16. Qe3 Nd7 17. Nd2 O-O-O 18. Ne4 Nb6 19. Nd6+ Kb8 20. Bh5
Nd5 21. Qf3 Rhf8 22. Bxf7 Qd2 23. Qg4 Nxc3 {
Piket,J-Anand,V/Monte Carlo 1994/CBM 040 ext/0-1 (37)}) 9... h5 10. h4 g4 11.
Be2 $146 ({RR} 11. f3 Rg8 12. fxg4 hxg4 13. Be2 b4 14. O-O bxc3 15. Nxf7 Kxf7
16. e5 cxb2 17. Rb1 Nbd7 18. Bxg4 Ke7 19. exf6+ Nxf6 20. Rxf6 Kxf6 21. Qf3+ Ke7
22. Rf1 Qe8 23. Qf4 Qg6 24. Qd6+ Ke8 25. Qxc6+ Bd7 26. Qxa8+ Ke7 {
1-0 Toulzac,P-Szabolcsi,J/Val Thorens 1992/EXT 2004 (26)}) 11... Bb7 12. O-O
Nbd7 13. Qc2 Nxe5 14. Bxe5 Bg7 15. Rad1 O-O 16. Bg3 Nd7 17. f3 c5 $1 {
Las negras ponen el juego en el centro.} 18. dxc5 Qe7 19. Kh1 a6 20. a4 Bc6 21.
Nd5 $5 {Un sacrificio a lo Aronian} 21... exd5 22. exd5 Be5 $1 23. f4 Bg7 {
Un ida y vuelta genial que pasa la ventaja del lado del negro.} 24. dxc6 Nxc5
25. Rd5 Ne4 26. Be1 Qe6 27. Rxh5 f5 {La torre queda encerrada.} 28. Kh2 Rac8
29. Bb4 Rfe8 30. axb5 axb5 31. Re1 Qf7 32. Rg5 Nxg5 33. fxg5 Rxc6 34. Bf1 Rxe1
35. Bxe1 Re6 36. Bc3 Qc7+ 37. g3 Re3 38. Qg2 Bxc3 39. bxc3 f4 40. Qa8+ Kg7 41.
Qa6 fxg3+ 0-1

[Event "?"]
[Site "?"]
[Date "2007.09.20"]
[Round "?"]
[White "GM_Anand"]
[Black "GM_Grischuk"]
[Result "1-0"]
[WhiteElo "2792"]
[BlackElo "2726"]
[Annotator "de Dovitiis"]
[PlyCount "99"]
[EventDate "2007.??.??"]

1. e4 e5 2. Nf3 Nc6 3. Bb5 a6 4. Ba4 Nf6 5. O-O Be7 6. Re1 b5 7. Bb3 O-O 8. a4
b4 9. d3 d6 10. Nbd2 ({RR} 10. Nfd2 Na5 11. Ba2 Nd7 12. Nc4 Nxc4 13. Bxc4 Nb6
14. Bb3 a5 15. Be3 c5 16. Nd2 Bd7 17. f4 exf4 18. Bxf4 Be6 19. Nc4 Nxc4 20.
Bxc4 Bf6 21. Rb1 Bd4+ 22. Kh1 Bxc4 23. dxc4 Qf6 24. Bg3 Rae8 {
Westerinen,H-Kraidman,Y/Netanya 1969/MCD/0-1 (48)}) 10... Na5 11. Ba2 c5 12. c3
Nc6 $146 ({RR} 12... Rb8 13. Nc4 Bg4 14. Ne3 Bxf3 15. Qxf3 b3 16. Bb1 h6 17.
Qd1 Rb7 18. f4 exf4 19. Ng4 d5 20. exd5 Nxd5 21. d4 Nxc3 22. bxc3 b2 23. Bxb2
Rxb2 24. Ra2 Rb6 25. Rae2 Bh4 26. Rf1 cxd4 27. cxd4 Rd6 28. Rxf4 Bg5 29. Rf3
Rxd4 30. Rd3 Rxd3 31. Bxd3 Qb6+ 32. Nf2 Rd8 33. Qb1 Be3 34. Qxb6 Bxb6 35. Bc2
Nc4 {0-1 Arseniev,V-Shianovsky,V/Riga 1968/MCD (35)}) 13. d4 bxc3 14. bxc3 exd4
15. cxd4 Nb4 16. Bb1 Bg4 17. h3 Bh5 18. g4 Bg6 19. d5 {Un esquema parecido a
Capablanca - Bogoljubov, donde el alfil negro de casillas blancas no esta bien
ubicado.} 19... Nd7 20. Nc4 Rb8 21. Bf4 Nb6 22. Nxb6 Rxb6 23. Nd2 Bg5 24. Bxg5
Qxg5 25. Nc4 Rbb8 26. Qd2 Qxd2 27. Nxd2 f6 28. Nc4 Rfd8 29. f4 $16 Bf7 30. Ra3
g5 31. h4 $1 {Las blancas no dan tregua.} 31... gxf4 32. Rf3 Be8 33. Rxf4 Kg7
34. h5 Bxa4 35. h6+ Kxh6 36. Rxf6+ Kg7 37. g5 Rf8 38. Rxd6 Bc2 39. Ne5 Rf4 40.
Rf6 Rh4 41. d6 {Los peones unidos ganan.} 41... Bxb1 42. Rxb1 Rxe4 43. Rf7+ Kg8
44. Re7 Rd8 45. Rd1 c4 46. d7 Rf4 47. Rf1 Rff8 48. Rxf8+ Kxf8 49. Rxh7 c3 50.
Ng6+ {White wins} 1-0

[Event "Europeo (team)"]
[Site "?"]
[Date "2007.10.05"]
[Round "?"]
[White "GM_Shirov"]
[Black "GM_Azarov"]
[Result "1-0"]
[WhiteElo "2735"]
[BlackElo "2566"]
[Annotator "de Dovitiis"]
[PlyCount "107"]
[EventDate "2007.??.??"]

1. d4 Nf6 2. c4 e6 3. Nf3 d5 4. g3 {La apertura de moda: la Catalana.} 4... Be7
5. Bg2 O-O 6. O-O c6 7. Qc2 Nbd7 8. Nbd2 b6 9. e4 Ba6 10. Re1 Rc8 11. e5 Ne8
12. b3 ({RR} 12. cxd5 cxd5 13. Qa4 Nc7 14. Bf1 Nb8 15. Bxa6 Ncxa6 16. a3 Qd7
17. Qxd7 Nxd7 18. Nf1 b5 19. Bd2 Nab8 20. Ne3 {
1/2-1/2 Ruck,R-Stojanovic,M/Banja Luka BIH 2007/The Week in Chess 664 (20)})
12... c5 13. Bb2 ({RR} 13. cxd5 exd5 14. Qd1 {
1/2-1/2 Sakaev,K-Azarov,S/Warsaw 2005/CBM 108 (14)}) 13... Nc7 14. Rad1 $146 {
Las blancas pelean por el centro y le dan una guarida a la dama.} ({RR} 14.
Rac1 b5 15. dxc5 Bxc5 ({RR} 15... Nxc5 16. b4 Na4 17. c5 Ne8 18. Nb3 Nb6 19.
Na5 Nd7 20. Qd2 Nb8 21. Nd4 g6 22. Bf1 Nc7 23. Bd3 Qe8 24. h4 f5 25. exf6 Bxf6
26. f4 Rd8 27. Re3 Bc8 28. Rce1 a6 29. Bf1 Bxd4 30. Bxd4 e5 31. Rxe5 {
1-0 Goldenstein,A-Gutt,O/Cologne 2004/EXT 2006 (31)}) 16. Bf1 bxc4 17. bxc4 Bb7
{1/2-1/2 Arenhoevel,M-Senk,C/Germany 2005/EXT 2006 (17)}) ({RR} 14. a4 Nb8 15.
dxc5 bxc5 16. Rad1 Qe8 17. cxd5 exd5 18. Nf1 Nc6 19. Ne3 Nb4 20. Qb1 c4 21.
bxc4 dxc4 22. Nf5 Nd3 23. Nd6 Qxa4 24. Nxc8 Rxc8 25. Rxd3 cxd3 26. Rc1 Qd7 27.
Nd2 Ne6 28. Rxc8+ Qxc8 {Pavlovic,D-Maksimovic,B/Nisa 2003/EXT 2004/0-1 (49)})
14... b5 15. dxc5 Bxc5 16. cxd5 Nxd5 17. Qb1 Bb4 (17... b4 $5) 18. Re4 Be7 19.
Rg4 $5 {Un pasaje arriesgado de la torre.} 19... Qc7 20. Ne4 Qc2 21. Qa1 h5 22.
Nd4 Qc7 23. Rg5 $1 {Ya no queda otra que echar lena al fuego.} 23... Bxg5 24.
Nxg5 Rfe8 25. Bxd5 exd5 26. e6 $44 fxe6 27. Ngxe6 Qb6 28. Nf4 Nf6 29. Nf5 Rc2 (
29... Rc6) 30. Bd4 Qc6 31. Nxg7 $1 Kxg7 32. Bxf6+ Kg8 (32... Qxf6 33. Nxh5+)
33. Bh8 Re7 34. Nxd5 Rf7 35. Nf6+ Rxf6 (35... Kxh8 36. Rd8+ Kg7 37. Ne4+ Kg6
38. Rg8+ Kf5 39. Rg5+ Ke6 (39... Kxe4 40. Qe5+ Kd3 41. Qe3#) 40. Rg6+) 36. Qxf6
Qxf6 37. Bxf6 Kf7 38. Rd7+ $1 Ke6 (38... Kxf6 39. Rd6+ Kf5 40. Rxa6 $18) 39.
Rxa7 Bc8 40. Bh8 Kd5 41. Kg2 Bf5 42. Rf7 Be4+ 43. Kh3 {
El rey blanco sale del asedio.} 43... Rxa2 44. Kh4 Bg6 45. Rf6 Be8 46. Rf5+ Kd6
47. Bd4 Re2 48. Kg5 Re4 49. Rf4 Re7 (49... Rxf4 50. Kxf4 b4 51. Be3 Bf7 52. Bd2
Kc5 53. Kg5 $18) 50. h4 Kd5 51. b4 Re6 52. Bf6 Re2 53. f3 Ke6 54. Bd4 {
Una contundente de un nuevamente afianzado Shirov.} 1-0

[Event "Europeo (team)"]
[Site "?"]
[Date "2007.10.04"]
[Round "?"]
[White "GM_Ivanchuk"]
[Black "GM_Stefansson"]
[Result "1-0"]
[WhiteElo "2787"]
[BlackElo "2574"]
[Annotator "de Dovitiis"]
[PlyCount "109"]
[EventDate "2007.??.??"]

1. e4 e5 2. Nf3 Nc6 3. Bb5 a6 4. Ba4 Nf6 5. O-O b5 {Lo normal es} (5... Be7) 6.
Bb3 Bb7 7. d3 Be7 ({RR} 7... h6 8. Nc3 d6 9. a4 b4 10. Ne2 Na5 11. Ba2 c5 12.
c3 bxc3 13. bxc3 Qc7 14. Ng3 g6 15. Rb1 Bg7 16. Nh4 c4 17. Be3 Nd7 18. d4 h5
19. Qd2 Bf6 20. Bg5 Bxg5 21. Qxg5 Qd8 22. Qxd8+ {
Fuchs,R-Witkowski,S/Lublin 1969/EXT 99/1-0 (41)}) 8. Nbd2 O-O 9. Re1 d6 10. a3
$146 {Busca preservar al alfil espanol.} ({RR} 10. c3 Na5 11. Bc2 c5 12. Nf1
Nc6 ({RR} 12... Re8 13. Ng3 h6 14. d4 cxd4 15. cxd4 Qc7 16. Re2 Bf8 17. d5 Bc8
18. Bd3 Bd7 19. Rc2 Qb8 20. Bd2 Nb7 21. b4 Rc8 22. Rxc8 Qxc8 23. h3 Kh7 24. Nd4
g6 25. Rc1 Qe8 26. Nc6 Rc8 27. a4 {Sanguineti,R-Zinn,L/Havana 1966/MCD/1-0 (57)
}) ({RR} 12... Qc7 13. Ng3 Ne8 14. d4 cxd4 15. cxd4 Rc8 16. Re2 Nc6 17. Be3 g6
18. Rc1 Ng7 19. Bb3 Qb8 20. Qd2 Bf6 21. Ree1 Qa8 22. d5 Ne7 23. a4 bxa4 24.
Bxa4 Rxc1 25. Rxc1 Rc8 26. Ne2 Rxc1+ 27. Nxc1 {
Matanovic,A-Trajkovic,M/Belgrade 1952/EXT 2000/1-0 (54)}) 13. Ne3 g6 14. h3 Re8
15. Nh2 d5 16. Nhg4 d4 17. Nxf6+ Bxf6 18. Nd5 Bg7 19. c4 Na5 20. b3 Bxd5 21.
exd5 Nb7 22. Bd2 Rc8 23. Rc1 b4 24. Qf3 Nd6 {
Byvshev,V-Honfi,K/Budapest 1959/EXT 2001/1/2-1/2 (64)}) 10... Re8 11. h3 Bf8
12. Nf1 h6 13. Ne3 Bc8 14. c3 Be6 15. Bc2 {
Consecuente con el decimo movimiento.} 15... Bd7 16. b4 Ne7 17. Bb2 Ng6 18. c4
c5 19. Bb3 cxb4 20. axb4 bxc4 21. Nxc4 $1 Bb5 22. d4 $14 Qb8 23. Rc1 Ra7 24.
Qd2 Rb7 25. Na5 Rc7 26. Rcd1 Qa8 27. d5 $1 {Las blancas cierran pero con la
idea de instalar un caballo en c6 al precio de un peon.} 27... Nf4 (27... Nh7
$5) 28. Nd4 Nxh3+ 29. gxh3 exd4 30. Qxd4 Qc8 31. Re3 $1 {
La torre defiende h3 y gana terreno para pasar a la ofensiva.} 31... Nh5 32.
Nc6 $1 {El tan mentado sacrificio de peon para abrirle camino al Bb3.} 32...
Qd7 33. Kh2 Bxc6 34. dxc6 Qxc6 35. Rc1 Qb7 36. Bd5 Qb8 37. Rf3 {
Las negras se encuentran atadas a f7.} 37... Ree7 38. Rxc7 Qxc7 39. Rf5 Nf6 40.
Rxf6 $1 {El ucranio no da tregua a su oponente.} 40... gxf6 41. Qxf6 Re5 $8 42.
Bxe5 dxe5 43. Qg6+ Bg7 44. Qxa6 {Ya el negro no tiene Bxb4.} 44... Qc1 45. b5
Qf4+ 46. Kg2 Qg5+ 47. Kf1 Bf8 (47... Qc1+ 48. Ke2 Qb2+ 49. Kf3 Qc3+ 50. Kg2)
48. Qc6 Kg7 49. b6 $18 Qf6 50. Qc7 Bd6 51. Qc8 Qe7 52. b7 Qc7 53. Kg2 Kh7 54.
Qe8 Kg7 55. h4 {Una enorme tarea en todos los aspectos del juego del nuevo
numero dos del ranking mundial.} (55. h4 h5 56. b8=Q Qxb8 57. Qxf7+ Kh6 58.
Qf6+ Kh7 59. Qf5+ Kg7 60. Qg5+ Kh7 61. Be6) 1-0

[Event "Europeo de clubes"]
[Site "?"]
[Date "2007.10.09"]
[Round "?"]
[White "GM_Carlsen"]
[Black "GM_Fressinet"]
[Result "1-0"]
[WhiteElo "2714"]
[BlackElo "2646"]
[Annotator "de Dovitiis Alejo"]
[PlyCount "63"]
[EventDate "2007.??.??"]

{El recientemente campeonato europeo de clubes mostro una enorme cantidad de
estrellas defendiendo los colores de diversos representativos del Viejo
Continente. En esas estrellas se hallaba el carismatico y talentoso gran
maestro de Noruega Magnus Carlsen, oonsolidado en los 2700 frente a un fuerte
oponente como lo es el GM Yannick Pelletier. Pasemos a ver una partida genial,
ingeniosa, al mejor estilo de Magnus:} 1. e4 e5 2. Nf3 Nc6 3. Bb5 a6 4. Ba4 Nf6
5. d3 {Una movida extrana, menos vista pero posible, que evita el ahora de
moda gambito Marshall.} (5. O-O Be7 (5... Nxe4 6. d4 b5 7. Bb3 d5 8. dxe5 Be6 {
era el sendero de la variante abierta.}) 6. Re1 b5 7. Bb3 d6 (7... O-O 8. c3 d5
9. exd5 Nxd5 10. Nxe5 Nxe5 11. Rxe5 c6 {era el camino del gambito Marshall,
bastante utilizado en el reciente mundial de Mexico.}) 8. c3 O-O 9. h3 {
era el camino de la Ruy Lopez cerrada.}) 5... b5 (5... d6 6. c3 g6 7. Nbd2 Bg7
8. Nf1 O-O 9. Ng3 Bd7 10. O-O Qe7 11. Re1 Rae8 12. h3 h6 13. d4 Qd8 14. Bb3 Kh7
{Con una aproximada igualdad.}) 6. Bb3 Be7 7. O-O O-O ({RR} 7... d6 8. a4 ({RR
} 8. c3 Na5 9. Bc2 c5 10. Re1 Qc7 11. Bg5 h6 12. Bh4 g5 13. Bg3 Bg4 14. Nbd2
Nc6 15. Qb1 Nd7 16. a3 a5 17. Bd1 Nb6 18. Be2 a4 19. d4 Bxf3 20. Nxf3 c4 21.
dxe5 dxe5 22. Qc2 Bd6 23. Rad1 O-O-O 24. h3 f6 25. Nh2 h5 26. Nf1 Bc5 27. Bh2
h4 28. Bg4+ Kb7 29. Kh1 Rxd1 30. Rxd1 Rd8 31. Bg1 Qe7 32. Rxd8 Qxd8 33. Qd2 Qd3
34. Qxd3 cxd3 35. Be6 Na5 36. f3 Kc6 37. Bxc5 Kxc5 38. Ne3 Nbc4 39. Nd1 Nb3 40.
Kg1 Nc1 41. Kf2 Ne2 42. Bf7 Nf4 {Fiala,J-Petras,J/Cihak 1969/EXT 99/0-1 (76)})
8... b4 9. a5 O-O 10. Nbd2 Bg4 11. h3 Be6 12. Nc4 Nd7 13. Ba2 Kh8 14. Re1 g5
15. Ne3 Qe8 16. Nd5 Rc8 17. Bxg5 Rg8 18. Nxe7 Nxe7 19. d4 Bxa2 20. Rxa2 f6 21.
Bh4 Rg7 22. Ra1 Qh5 23. Bg3 Rcg8 24. Nh4 Qh6 25. c3 Nf8 26. Nf5 Nxf5 27. exf5
bxc3 28. bxc3 Rg5 29. Qd3 Qh5 30. Qxa6 Rxf5 31. Qe2 Qe8 32. dxe5 fxe5 33. Qe4
Rf7 34. a6 Nd7 35. a7 Qa8 36. Qxa8 Rxa8 37. Reb1 Kg7 38. f3 c5 39. Rd1 Nf8 40.
Rxd6 {1-0 Filip,M-Siaperas,T/Moscow 1956/MCD (40)}) 8. a4 Rb8 9. Nbd2 $146 {
Al caballo se lo ve mejor en d2 que en c3, ya que puedeevolucionarcorrectament
e por f1.} ({RR} 9. axb5 axb5 10. Nc3 ({RR} 10. Nbd2 d6 11. h3 g6 12. Re1 Be6
13. Bxe6 fxe6 14. c3 Nh5 15. g3 Bf6 16. Nf1 Bg7 17. N1h2 Qd7 18. Qb3 h6 19. Be3
Kh7 20. Ra6 d5 21. Bc5 Rf7 22. exd5 exd5 23. Kg2 g5 24. Re3 d4 {
Finsson,A-Van Oosterom,J/Varna 1958/EXT 2001/0-1 (36)}) 10... d6 11. h3 b4 12.
Nd5 Nxd5 13. exd5 Nd4 14. Nxd4 exd4 15. Bd2 f5 16. Re1 f4 17. Qf3 Bh4 18. Re4
g5 19. Rae1 Bf5 20. Re6 Qd7 21. Qh5 Bg6 22. Rxg6+ hxg6 23. Qxg6+ Qg7 24. Qe6+
Qf7 25. Ba4 f3 26. g3 Bxg3 27. Bxg5 Be5 28. Bd7 b3 29. cxb3 Rxb3 30. Kh1 Rxb2
31. Rg1 Kh8 32. Qh6+ {1-0 Pilnik,H-Garcia,R/Buenos Aires 1958/MCL (32)}) 9...
d6 10. c3 Nd7 11. axb5 axb5 12. Re1 Bf6 13. Nf1 Nc5 14. Ba2 {
Mantiene la presion sobre f7.} (14. Bc2 {era lo esperable.}) 14... Bg4 15. b4
Ne6 (15... Na4 16. Bd2 Qd7 17. Ne3 $14) 16. Ne3 Bxf3 17. Qxf3 Bg5 18. Bd5 $1 {
Diagrama #} 18... Qd7 19. Nf5 (19. Qg4 Bxe3 (19... Ncd8 20. Ra7 $1) 20. Bxe3
Ra8 21. Bh6 $16) 19... Ne7 (19... Bxc1 20. Bxc6 Qxc6 21. Ne7+ {
Capturando la dama.}) 20. Nxg7 $1 {Magnus en su salsa: aparecen las entregas y
el se encuentra a sus anchas en medio de tanta complejidad pero con la
iniciativa de su lado.} 20... Nxd5 (20... Bxc1 21. Nxe6 fxe6 22. Qg4+ Kf7 23.
Rexc1 {Con gran supremacia.}) 21. Nxe6 (21. exd5 Bxc1 22. Nxe6 fxe6 23. Qg4+
Qg7 24. Qxe6+ Kh8 25. Rexc1 Rf6 {Es ventaja blanca pero con cierto aire de
desahogo para el negro, cosa que Carlsen no quiere otorgar.}) 21... fxe6 (21...
Qxe6 22. Bxg5 (22. exd5 Qg6) 22... Nxc3 23. Rec1 Qg6 24. h4 Na4 25. Rxc7) (
21... Bxc1 $2 22. Qg4+) 22. Qg4 Nxc3 23. Bxg5 Kh8 24. Ra7 $1 {
Las blancas no dan respiro por cierto.} 24... Qf7 25. Qh4 Rbc8 26. Be7 Qf4 {
La mejor opcion antes de dejarse dar un jaque en f6, pero insuficiente.} (26...
Rfe8 27. Bf6+ Kg8 28. Re3 $18) 27. Qxf4 Rxf4 28. Kf1 {Para Rc1.} 28... Na4 29.
Rc1 Nb2 30. Ra3 {Jugando con precision y atencion.} (30. Ke2 $4 Rxf2+ 31. Kxf2
Nxd3+) 30... Rg8 31. Rxc7 {Todo se derrumba para el segundo bando.} 31... Nd1
32. Bxd6 (32. Bxd6 Rxf2+ (32... Nxf2 33. Bxe5+) 33. Ke1 Rgxg2 34. Ra8+ Rg8 35.
Bxe5+ {Una buena muestra, mezcla de tecnica y tactica por parte del gran
talento nordico.}) 1-0